=LDR 00000nam 2200000 4500 =001 INLIS000000000019915 =005 20130612114927 =008 ***********************************Ind** =035 ##$$0010-061300000019915 =041 ##$$a Ind =082 ##$$a 636.5 =090 ##$$a 636.5, Dar a =100 ##$$a Darmana, Wirawan =245 ##$$a Ayam linguan ayam kampung prospektif dari cina, Wirawan Darmana =260 ##$$a 2003 $b Jakarta =300 ##$$a vi, 70 hlm, ilus, 23 cm =650 ##$$a Ayam kampung =850 ##$$a NBPNMAT